LEADER 01109nam2-2200361---450- 001 990001448650203316 005 20050701175713.0 035 $a000144865 035 $aUSA01000144865 035 $a(ALEPH)000144865USA01 035 $a000144865 100 $a20040224d19711989km-y0itay0103----ba 101 0 $aita 102 $aIT 105 $a||||||||001yy 200 1 $a<<1.>> : Sonetti$fLuis Carrillo y Sotomayor$gintroduzione, testo, traduzione e commento a cura di Fiorenza Randelli Romano 210 $aMessina [etc.]$cD'Anna$d1971 215 $a223 p.$d21 cm 410 0$12001 454 1$12001 461 1$1001000144863$12001$aPoesie 700 1$aCARRILLO Y SOTOMAYOR,$bLuis$0158643 702 1$aRANDELLI ROMANO,$bFiorenza 801 0$aIT$bsalbc$gISBD 912 $a990001448650203316 951 $aVI.5. Coll.18/ 7.1(IISp C coll 53/7)$b20263 L.M.$cIISp C coll 959 $aBK 969 $aUMA 979 $aSIAV4$b10$c20040224$lUSA01$h0941 979 $aPATRY$b90$c20040406$lUSA01$h1741 979 $aCOPAT6$b90$c20050701$lUSA01$h1757 996 $aSonetti$9936411 997 $aUNISA LEADER 02528nam 2200637 a 450 001 9910461260603321 005 20200520144314.0 010 $a1-4384-3971-7 010 $a1-4619-0451-X 035 $a(CKB)2670000000160921 035 $a(OCoLC)802046112 035 $a(CaPaEBR)ebrary10570782 035 $a(SSID)ssj0000692672 035 $a(PQKBManifestationID)11406671 035 $a(PQKBTitleCode)TC0000692672 035 $a(PQKBWorkID)10636924 035 $a(PQKB)11501665 035 $a(MiAaPQ)EBC3407040 035 $a(OCoLC)808778746 035 $a(MdBmJHUP)muse19929 035 $a(Au-PeEL)EBL3407040 035 $a(CaPaEBR)ebr10570782 035 $a(OCoLC)781628772 035 $a(EXLCZ)992670000000160921 100 $a20110307d2011 uy 0 101 0 $aeng 135 $aurcn||||||||| 181 $ctxt 182 $cc 183 $acr 200 10$aRebellious histories$b[electronic resource] $ethe Amistad slave revolt and the cultures of late twentieth-century black transnationalism /$fMatthew J. Christensen 210 $aAlbany $cSUNY Press$dc2011 215 $a1 online resource (205 p.) 300 $aBibliographic Level Mode of Issuance: Monograph 311 $a1-4384-3969-5 320 $aIncludes bibliographical references and index. 327 $aIntroduction : rebellious histories -- Cinque/Sengbe : naming the transnational subject -- Cannibals in the postcolony : Charlie Haffner's Amistad Kata-Kata and the moral economy of global consumption -- Neoliberal masculinity, black transnationalism, and the United States ; disappearing borders in Amistad and echo of lions -- Enslaving globalization : trans-atlantic slavery, Civil War, and modernity in Raymond Desouza-George's The broken handcuff -- Conclusion : rebellious futures. 606 $aSlave insurrections$zUnited States 606 $aInfluence (Literary, artistic, etc.)$xHistory$y20th century 606 $aAntislavery movements$zUnited States 606 $aSierra Leonean literature 607 $aSierra Leone$xHistory 608 $aElectronic books. 615 0$aSlave insurrections 615 0$aInfluence (Literary, artistic, etc.)$xHistory 615 0$aAntislavery movements 615 0$aSierra Leonean literature. 676 $a326/.80973 700 $aChristensen$b Matthew J$01035402 801 0$bMiAaPQ 801 1$bMiAaPQ 801 2$bMiAaPQ 906 $aBOOK 912 $a9910461260603321 996 $aRebellious histories$92455101 997 $aUNINA